La lengua de Cristóbal Colón (Registro nro. 195)

Detalles MARC
000 -CABECERA
Longitud fija campo de control 00732nam a22002291 4500
001 - NÚMERO DE CONTROL
Número de control bimo0001176020
003 - IDENTIFICADOR DELl NÚMERO DE CONTROL
Identificador del número de control OSt
005 - FECHA Y HORA DE LA ÚLTIMA TRANSACCIÓN
Fecha y hora de la última transacción 20140826213008.0
008 - CÓDIGOS DE INFORMACIÓN DE LONGITUD FIJA
Códigos de información de longitud fija 930725s1968 sp spa
035 ## - NÚMERO DE CONTROL DEL SISTEMA
Número de control del sistema (OCoLC)432631799
040 ## - FUENTE DE LA CATALOGACIÓN
Centro catalogador de origen SpMaBN
Centro transcriptor BMC
082 ## - NÚMERO DE LA CLASIFICACIÓN DECIMAL DEWEY
Númeroo de clasificación 860.3959
100 20 - PUNTO DE ACCESO PRINCIPAL-NOMBRE DE PERSONA
Nombre de persona Menéndez Pidal, Ramón
Fechas asociadas al nombre 1869-1968
245 13 - MENCIÓN DE TÍTULO
Título La lengua de Cristóbal Colón
Resto del título : el estilo de Santa Teresa y otros estudios sobre el siglo XVI
Mención de responsabilidad, etc. Ramón Menéndez Pidal
250 ## - MENCIÓN DE EDICIÓN
Mención de edición 5ª ed
260 0# - PUBLICACIÓN, DISTRIBUCIÓN, ETC. (PIE DE IMPRENTA)
Lugar de publicación, distribución, etc. Madrid
Nombre del editor, distribuidor, etc. Espasa-Calpe
Fecha de publicación, distribución, etc. 1968
300 ## - DESCRIPCIÓN FÍSICA
Extensión 142 p.
Dimensiones 18 cm
490 0# - MENCIÓN DE SERIE
Mención de serie Austral
Designación de volumen o secuencia 280
650 ## - PUNTO DE ACCESO ADICIONAL DE MATERIA - TÉRMINO DE MATERIA
9 (RLIN) 180
Término de materia o nombre geográfico como elemento inicial Lengua española
Subdivisión de materia general Historia
600 ## - PUNTO DE ACCESO ADICIONAL DE MATERIA - NOMBRE DE PERSONA
9 (RLIN) 255
Nombre de persona Teresa de Jesús
Títulos y otros títulos asociados al nombre (R ) Santa
Fechas asociadas al nombre 1515-1582
Subdivisión de materia general (R ) Crítica e interpretación
942 ## - ENTRADA DE ELEMENTOS AGREGADOS (KOHA)
Fuente de clasificaión o esquema Dewey Decimal Classification
Koha [por defecto] tipo de item 1- Monografias
Existencias
Suprimido Perdido Fuente de clasificación o esquema Estropeado Restricciones de uso No para préstamo Código de colección Localización permanente Localización actual Localización en estanter&íacute;as Fecha adquisición Fuente de adquisición Número de inventario Préstamos totales Signatura completa Código de barras Fecha última consulta Fecha último préstamo Coste, precio reemplazado Fecha del precio de reemplazo Tipo de item de Koha
NULL NULL Dewey Decimal Classification NULL Prestable NULL NULL Biblioteca Miguel de Cervantes - UNICAES Biblioteca Miguel de Cervantes - UNICAES Sala Principal 15/07/1998 Donación - Marco René Revelo 000190 1 864 MEN len 1000190 08/02/2019 08/02/2019 5.99 18/04/2013 1- Monografias